[Event "KEM Mitte 2017"]
[Site "?"]
[Date "2017.01.05"]
[Round "1.1"]
[White "Bildt, Maximilian"]
[Black "Müller, Ludwig"]
[Result "1-0"]
[WhiteElo "2045"]
[BlackElo "1781"]
[PlyCount "51"]
[EventDate "2017.??.??"]
[WhiteTeam "SK Zirndorf"]
[BlackTeam "SGem Nürnberg"]

1. e4 b6 2. d4 Bb7 3. Bd3 e6 4. Nf3 Nf6 5. e5 Ne4 6. Qe2 d5 7. Nbd2 f5 8. exf6
Qxf6 9. Nxe4 dxe4 10. Bxe4 Bxe4 11. Qxe4 c6 12. Bg5 Qf5 13. Qxf5 exf5 14. O-O-O
Nd7 15. Rhe1+ Kf7 16. d5 c5 17. Ne5+ Nxe5 18. Rxe5 h6 19. Bd2 g6 20. Rde1 Bd6
21. Re6 Rad8 22. Bc3 Rhe8 23. Rf6+ Kg8 24. Rxe8+ Rxe8 25. Rxg6+ Kf7 26. Rxd6
1-0

[Event "KEM Mitte 2017"]
[Site "?"]
[Date "2017.01.05"]
[Round "1.2"]
[White "Nüßlein, Christian"]
[Black "Saathoff, Richard"]
[Result "0-1"]
[WhiteElo "1929"]
[BlackElo "2124"]
[PlyCount "84"]
[EventDate "2017.??.??"]
[WhiteTeam "SGem Nürnberg"]
[BlackTeam "SW Nürnberg Süd"]

1. c4 Nf6 2. Nc3 g6 3. g3 Bg7 4. Bg2 O-O 5. Nf3 d6 6. O-O e5 7. d3 Re8 8. Bd2
e4 9. Ne1 exd3 10. exd3 Nc6 11. Rb1 Bg4 12. Qc1 Qc8 13. Nf3 Qf5 14. Ne1 Bh3 15.
Nd5 Nd4 16. Nxf6+ Bxf6 17. Qd1 Re7 18. Be3 Rae8 19. Bxd4 Bxd4 20. Bxh3 Qxh3 21.
Qf3 Re2 22. Ng2 c6 23. Nf4 Qf5 24. Kg2 Rxb2 25. Rxb2 Bxb2 26. Rb1 Qf6 27. Qg4
Rd8 28. Qe2 Be5 29. Rxb7 Bxf4 30. gxf4 Qxf4 31. Rxa7 Qg5+ 32. Kh1 Rb8 33. Qe1
Qf5 34. Ra3 Qf3+ 35. Kg1 Kf8 36. Qa1 f6 37. Rc3 Qg4+ 38. Kh1 Re8 39. Rb3 Qf3+
40. Kg1 Re5 41. h4 Qg4+ 42. Kf1 Qxh4 0-1

[Event "KEM Mitte 2017"]
[Site "?"]
[Date "2017.01.05"]
[Round "1.3"]
[White "Erlbeck, Peter"]
[Black "Paul, Arthur"]
[Result "1-0"]
[WhiteElo "2061"]
[BlackElo "1380"]
[PlyCount "47"]
[EventDate "2017.??.??"]
[WhiteTeam "SW Nürnberg Süd"]
[BlackTeam "SW Nürnberg Süd"]

1. e4 c5 2. Nc3 d6 3. f4 g6 4. Nf3 Bg7 5. Bc4 e6 6. d3 Ne7 7. O-O O-O 8. Qe1
Nbc6 9. Qh4 d5 10. Bb3 Nd4 11. f5 Nxf3+ 12. Rxf3 exf5 13. exd5 a6 14. Bg5 c4
15. dxc4 f6 16. Be3 g5 17. Qh5 Bd7 18. Rh3 h6 19. Bc5 f4 20. Re1 Bxh3 21. Bxe7
Qe8 22. Qxh3 Rf7 23. d6 Rc8 24. d7 1-0

[Event "KEM Mitte 2017"]
[Site "?"]
[Date "2017.01.05"]
[Round "1.4"]
[White "Dietrich, Thomas"]
[Black "Konsek, Peter"]
[Result "0-1"]
[WhiteElo "1610"]
[BlackElo "2083"]
[PlyCount "80"]
[EventDate "2017.??.??"]
[WhiteTeam "SC Anderssen"]
[BlackTeam "SW Nürnberg Süd"]

1. e4 c5 2. Nf3 Nc6 3. d4 cxd4 4. Nxd4 e5 5. Nf3 Nf6 6. Bd3 d5 7. exd5 Qxd5 8.
O-O Bg4 9. Nc3 Qd7 10. Re1 O-O-O 11. h3 Bh5 12. Be3 Bb4 13. Bd2 Rhe8 14. a3 Bc5
15. Na4 Bf8 16. Be3 Kb8 17. Be2 Nd4 18. Nxd4 exd4 19. Bxh5 Nxh5 20. Qxd4 Qxd4
21. Bxd4 Rxe1+ 22. Rxe1 Rxd4 23. Re8+ Kc7 24. Rxf8 Rxa4 25. Rxf7+ Kc6 26. g4
Nf4 27. Kh2 Ne6 28. Kg3 Re4 29. Re7 g5 30. Rxh7 Nf4 31. h4 gxh4+ 32. Kf3 Ne6
33. Rxh4 Ng5+ 34. Kg3 Re2 35. f4 Re3+ 36. Kf2 Rf3+ 37. Ke2 Rxf4 38. Ke3 Rf3+
39. Ke2 Rg3 40. Kd2 Nf3+ 0-1

[Event "KEM Mitte 2017"]
[Site "?"]
[Date "2017.01.05"]
[Round "1.5"]
[White "Mantel, Ruben"]
[Black "Walch, Roger"]
[Result "1-0"]
[WhiteElo "1949"]
[BlackElo "1701"]
[PlyCount "57"]
[EventDate "2017.??.??"]
[WhiteTeam "Zabo-Eintracht Nürnberg"]
[BlackTeam "SW Nürnberg Süd"]

1. d4 Nf6 2. Nf3 g6 3. e3 Bg7 4. b3 c5 5. Bb2 O-O 6. Nbd2 cxd4 7. exd4 d5 8.
Bd3 Nc6 9. O-O Nb4 10. Ne5 Nxd3 11. Nxd3 b6 12. Nf3 Ba6 13. Nfe5 Rc8 14. Re1
Ne4 15. f3 Nd6 16. a4 e6 17. a5 Bb5 18. Qd2 Nf5 19. axb6 axb6 20. Ra7 Bh6 21.
f4 Qh4 22. Nf3 Qf6 23. Nde5 Nh4 24. Ng5 Bxg5 25. fxg5 Qf5 26. c4 dxc4 27. bxc4
Bxc4 28. Nd7 Qg4 (28... Bd5 29. Rf1 Rc2 30. Rxf5 Rxd2 31. Rf2 Rxf2 32. Kxf2 Rc8
$17) 29. Nf6+ 1-0

[Event "KEM Mitte 2017"]
[Site "?"]
[Date "2017.01.05"]
[Round "1.6"]
[White "Albayrak, Aylin"]
[Black "Petrashov, Alexander"]
[Result "0-1"]
[WhiteElo "1668"]
[BlackElo "1888"]
[PlyCount "104"]
[EventDate "2017.??.??"]
[WhiteTeam "Zabo-Eintracht Nürnberg"]
[BlackTeam "SC Noris-Tarrasch Nürnberg"]

1. d4 e6 2. c4 d5 3. Nc3 c6 4. e4 Bb4 5. e5 Ne7 6. Bg5 h6 7. Bh4 Qa5 8. Qc2 Nf5
9. Nf3 g5 10. Bg3 g4 11. Nd2 Nxd4 12. Qd3 Bxc3 13. bxc3 Nf5 14. Bf4 Nd7 15. Nb3
dxc4 16. Qxc4 Qd5 17. Rd1 Qxc4 18. Bxc4 Nb6 19. Be2 Nd5 20. Bd2 h5 21. c4 Nde7
22. Bg5 b6 23. Bf6 Rh6 24. Nd4 Nxd4 25. Rxd4 c5 26. Rd6 Bb7 27. O-O Nf5 28. Rd2
Nd4 29. Bd1 Kd7 30. f3 Rg8 31. f4 Kc7 32. Ba4 h4 33. Bg5 Rhh8 34. Bd1 h3 35.
Bxg4 hxg2 36. Rff2 Rxh2 37. Rxg2 Rxg2+ 38. Rxg2 Bxg2 39. Kxg2 Kc6 40. Bh5 Rg7
41. Kf2 b5 42. cxb5+ Kxb5 43. Be7 c4 44. a3 a5 45. Bd1 c3 46. a4+ Kc4 47. Ba3
c2 48. Be2+ Nxe2 49. Kxe2 Kb3 50. Bc1 Rg2+ 51. Kd3 Rg1 52. Kd2 Rd1+ 0-1

[Event "KEM Mitte 2017"]
[Site "?"]
[Date "2017.01.05"]
[Round "1.7"]
[White "Leis, Stefan"]
[Black "Weißmann, Peter"]
[Result "1-0"]
[WhiteElo "1967"]
[BlackElo "1737"]
[PlyCount "69"]
[EventDate "2017.??.??"]
[WhiteTeam "SC Mühlhof-Reichelsdorf"]
[BlackTeam "SK Zirndorf"]

1. Nf3 c5 2. e4 Nc6 3. Bb5 g6 4. Bxc6 bxc6 5. d4 Bg7 6. O-O cxd4 7. Nxd4 Qb6 8.
Nb3 d6 9. Re1 Nf6 10. Be3 Qc7 11. Bd4 O-O 12. h3 e5 13. Bc3 Be6 14. N1d2 Nh5
15. Na5 d5 16. Nab3 Nf4 17. Nf3 Rad8 18. Qc1 d4 19. Ba5 Qc8 20. Ng5 c5 21. Nxe6
fxe6 22. Bxd8 Rxd8 23. Qd1 c4 24. Nc1 a5 25. Ne2 d3 26. Nxf4 exf4 27. e5 Rd5
28. cxd3 Rxd3 29. Qa4 f3 30. gxf3 Rxf3 31. Re3 Rf5 32. Qxa5 Rg5+ 33. Kf1 Bh6
34. Rd1 Rf5 35. Rd8+ 1-0

[Event "KEM Mitte 2017"]
[Site "?"]
[Date "2017.01.05"]
[Round "1.8"]
[White "Berg, Winfried"]
[Black "Corral, Carlos"]
[Result "0-1"]
[WhiteElo "1595"]
[BlackElo "2015"]
[PlyCount "50"]
[EventDate "2017.??.??"]
[WhiteTeam "SW Nürnberg Süd"]
[BlackTeam "SC Noris-Tarrasch Nürnberg"]

1. e4 c5 2. Nc3 g6 3. a3 Bg7 4. f4 Nc6 5. Bb5 Nd4 6. Bc4 d6 7. Nge2 a6 8. O-O
e6 9. Nxd4 cxd4 10. Ne2 Ne7 11. d3 O-O 12. Qe1 d5 13. Bb3 dxe4 14. dxe4 d3 15.
Ng3 Qc7 16. f5 exf5 17. exf5 Nxf5 18. Bf4 Qc6 19. Be5 Qc5+ 20. Kh1 Qxe5 21. Qf2
Nxg3+ 22. hxg3 Be6 23. Rae1 Qh5+ 24. Kg1 Bxb3 25. cxb3 Rad8 0-1

[Event "KEM Mitte 2017"]
[Site "?"]
[Date "2017.01.05"]
[Round "1.9"]
[White "Bolten, Daniel"]
[Black "Münzenberg, Dietrich"]
[Result "1-0"]
[WhiteElo "2075"]
[BlackElo "1688"]
[PlyCount "67"]
[EventDate "2017.??.??"]
[WhiteTeam "SW Nürnberg Süd"]
[BlackTeam "Zabo-Eintracht Nürnberg"]

1. d4 c6 2. Nf3 d5 3. c4 e6 4. Nc3 Bb4 5. Qc2 f5 6. a3 Bd6 7. e3 Nf6 8. Be2 O-O
9. O-O Nbd7 10. cxd5 exd5 11. Qxf5 Nc5 12. Qg5 Nce4 13. Nxe4 dxe4 14. Ne5 h6
15. Bc4+ Nd5 16. Qxd8 Rxd8 17. f3 Bf5 18. Bxd5+ cxd5 19. f4 Rdc8 20. Bd2 Rc2
21. Bc3 a5 22. Rf2 Rxf2 23. Kxf2 b6 24. h3 Rc8 25. g4 Bxe5 26. dxe5 Bd7 27. Rd1
Bc6 28. Kg3 Ba8 29. f5 Rf8 30. Bd4 Rb8 31. Rc1 Bb7 32. Rc7 Ba6 33. e6 Bb5 34.
Rxg7+ 1-0

[Event "KEM Mitte 2017"]
[Site "?"]
[Date "2017.01.05"]
[Round "1.10"]
[White "Weidenhöfer, Robert"]
[Black "Adelhütte, Dennis"]
[Result "0-1"]
[WhiteElo "1695"]
[BlackElo "1962"]
[PlyCount "40"]
[EventDate "2017.??.??"]
[WhiteTeam "SW Nürnberg Süd"]
[BlackTeam "SC JÄKLECHEMIE"]

1. b3 d5 2. Bb2 Nf6 3. e3 Bf5 4. Nf3 c5 5. Bb5+ Nc6 6. c4 e6 7. Ne5 Rc8 8. cxd5
exd5 9. Nxc6 bxc6 10. Be2 Bd6 11. O-O O-O 12. g4 Nxg4 13. Bxg4 Qg5 14. h3 h5
15. f3 hxg4 16. hxg4 Bd3 17. f4 Qh4 18. Rf2 Be4 19. Kf1 Qh1+ 20. Ke2 Bd3+ 0-1

[Event "KEM Mitte 2017"]
[Site "?"]
[Date "2017.01.05"]
[Round "1.11"]
[White "Bachhuber, Dominik"]
[Black "Berntgen, Michael"]
[Result "1-0"]
[WhiteElo "1909"]
[BlackElo "1637"]
[PlyCount "59"]
[EventDate "2017.??.??"]
[WhiteTeam "SC JÄKLECHEMIE"]
[BlackTeam "SW Nürnberg Süd"]

1. e4 Nf6 2. e5 Nd5 3. d4 d6 4. exd6 cxd6 5. Bd3 Nc6 6. c4 Nf6 7. Be3 g6 8. Nc3
Bg7 9. h3 O-O 10. Qd2 e5 11. Nge2 Re8 12. O-O Ne7 13. Ng3 Nc6 14. Bc2 b6 15.
Rad1 Bb7 16. Ba4 Re7 17. Bxc6 Bxc6 18. dxe5 Rxe5 19. Qxd6 Qe8 20. Rfe1 Re6 21.
Qd2 Qe7 22. Bg5 Re8 23. Rxe6 Qxe6 24. Qd6 Nd7 25. Nb5 Qxc4 26. Nxa7 Ne5 27. Rc1
Re6 28. Qd8+ Re8 29. Rxc4 Rxd8 30. Bxd8 1-0

[Event "KEM Mitte 2017"]
[Site "?"]
[Date "2017.01.05"]
[Round "1.12"]
[White "Denninger, David"]
[Black "Rausch, Wolfgang sr"]
[Result "0-1"]
[WhiteElo "1530"]
[BlackElo "1880"]
[PlyCount "100"]
[EventDate "2017.??.??"]
[WhiteTeam "TSV Cadolzburg"]
[BlackTeam "SW Nürnberg Süd"]

1. e4 c6 2. d4 d5 3. exd5 cxd5 4. Nf3 Nf6 5. Bb5+ Bd7 6. Bxd7+ Nbxd7 7. O-O e6
8. Bf4 Qb6 9. b3 Rc8 10. Nbd2 Bb4 11. c4 dxc4 12. Nxc4 Qa6 13. a3 Be7 14. Nce5
Nb6 15. b4 h6 16. Qb3 Nbd5 17. Bd2 Ne4 18. Rac1 O-O 19. Qd3 Nxd2 20. Nxd2 Qxd3
21. Nxd3 b6 22. Rxc8 Rxc8 23. Rc1 Rxc1+ 24. Nxc1 Bf6 25. Ncb3 Nc3 26. Kf1 Nb5
27. a4 Nxd4 28. Nxd4 Bxd4 29. b5 Kf8 30. Ke2 Ke7 31. Ne4 f5 32. Kd3 e5 33. Ng3
g6 34. f3 Ke6 35. Kc4 Kd6 36. Ne2 Bb2 37. g4 fxg4 38. fxg4 e4 39. Nd4 e3 40.
Ne2 Be5 41. h3 g5 42. Ng1 Bg7 43. Ne2 Bb2 44. Kb3 Be5 45. Kc4 Ba1 46. Ng1 Ke5
47. Kd3 Kf4 48. Ne2+ Kf3 49. Nc1 Bb2 50. Ne2 Kf2 0-1

[Event "KEM Mitte 2017"]
[Site "?"]
[Date "2017.01.05"]
[Round "1.13"]
[White "Neumann, Robert"]
[Black "Thoma, Dirk"]
[Result "1-0"]
[WhiteElo "1912"]
[BlackElo "1642"]
[PlyCount "83"]
[EventDate "2017.??.??"]
[WhiteTeam "SC Noris-Tarrasch Nürnberg"]
[BlackTeam "SC Noris-Tarrasch Nürnberg"]

1. d4 d5 2. Nf3 e6 3. g3 Nf6 4. Bg2 Be7 5. O-O O-O 6. c4 c6 7. Nc3 Nbd7 8. b3
Qa5 9. Bb2 Bb4 10. Qc2 Ne4 11. Nxe4 dxe4 12. Qxe4 Nf6 13. Qc2 Bd6 14. e4 Nd7
15. e5 Be7 16. c5 f6 17. Bc3 Qc7 18. b4 Re8 19. Rfe1 Nf8 20. Nd2 fxe5 21. dxe5
b6 22. Ne4 Ba6 23. Nd6 Red8 24. Qe4 Bxd6 25. exd6 Qf7 26. Qxc6 Rac8 27. Qa4 Bc4
28. Bd4 b5 29. Qc2 a6 30. Qb2 Rd7 31. Re3 Bd5 32. Bxd5 exd5 33. Rae1 Ng6 34.
Qe2 Rf8 35. Re8 Rd8 36. Rxd8 Rxd8 37. h4 Kh8 38. h5 Nf8 39. Qe7 Rd7 40. Qxf7
Rxf7 41. c6 Kg8 42. Re8 1-0

[Event "KEM Mitte 2017"]
[Site "?"]
[Date "2017.01.05"]
[Round "1.14"]
[White "Lingl, Peter"]
[Black "Süß, Helmut"]
[Result "0-1"]
[WhiteElo "1661"]
[BlackElo "1921"]
[PlyCount "94"]
[EventDate "2017.??.??"]
[WhiteTeam "SC JÄKLECHEMIE"]
[BlackTeam "SC Noris-Tarrasch Nürnberg"]

1. e4 c6 2. d4 d5 3. e5 Bf5 4. h4 h5 5. Bd3 Bxd3 6. Qxd3 e6 7. Nf3 Ne7 8. Nc3
Nf5 9. Ne2 Be7 10. g3 Qa5+ 11. Bd2 Qa6 12. Qxa6 Nxa6 13. a3 Kd7 14. Nf4 g6 15.
Nh3 c5 16. c3 Rac8 17. Rc1 Rc7 18. O-O Rhc8 19. Be3 cxd4 20. Nxd4 Nxd4 21. Bxd4
Nc5 22. Ng5 Bxg5 23. hxg5 Nb3 24. Rcd1 b5 25. f4 a5 26. Rf3 Rc4 27. Kg2 b4 28.
a4 bxc3 29. Bxc3 Rxa4 30. Rff1 Rcc4 31. Rfe1 Re4 32. Rf1 Re2+ 33. Kh3 Kc6 34.
Rf3 Rae4 35. Be1 R4e3 36. Rxe3 Rxe3 37. Kh4 Kb5 38. g4 hxg4 39. Kxg4 Kc4 40.
Bg3 Re2 41. Rh1 d4 42. Rh7 d3 43. Rxf7 d2 44. Rd7 Nd4 45. Rc7+ Kd3 46. Rg7 d1=Q
47. Rxg6 Rxe5+ 0-1

[Event "KEM Mitte 2017"]
[Site "?"]
[Date "2017.01.05"]
[Round "1.15"]
[White "Barnowski, Roman"]
[Black "Thürauf, Peter"]
[Result "0-1"]
[WhiteElo "1424"]
[BlackElo "1842"]
[PlyCount "88"]
[EventDate "2017.??.??"]
[WhiteTeam "SW Nürnberg Süd"]
[BlackTeam "SW Nürnberg Süd"]

1. Nf3 c5 2. g3 Nc6 3. Bg2 d5 4. d4 cxd4 5. Nxd4 e5 6. Nxc6 bxc6 7. O-O Nf6 8.
b3 Be7 9. Bb2 Qc7 10. Nd2 O-O 11. e3 Bg4 12. f3 Be6 13. Rc1 Rab8 14. c4 Qb6 15.
Qe2 d4 16. exd4 exd4 17. Kh1 c5 18. f4 Rfe8 19. f5 Bd7 20. g4 Bd6 21. Qd1 Bc6
22. h3 Re3 23. Kg1 Bxg2 24. Kxg2 Rg3+ 25. Kf2 Rxh3 26. Rh1 Rxh1 27. Qxh1 Nxg4+
28. Ke1 Re8+ 29. Ne4 Nf6 30. Rc2 Rxe4+ 31. Re2 Qc6 32. Kd1 Qe8 33. Qg2 Rxe2 34.
Qxe2 Ne4 35. Qg2 f6 36. Qe2 Nc3+ 37. Bxc3 Qxe2+ 38. Kxe2 dxc3 39. Kd3 Be5 40.
a3 a5 41. Kc2 g5 42. fxg6 hxg6 43. b4 cxb4 44. axb4 axb4 0-1

[Event "KEM Mitte 2017"]
[Site "?"]
[Date "2017.01.05"]
[Round "1.17"]
[White "Hofmann, Tim"]
[Black "Llugiq, Bajram"]
[Result "0-1"]
[WhiteElo "1311"]
[BlackElo "1827"]
[PlyCount "69"]
[EventDate "2017.??.??"]
[WhiteTeam "SW Nürnberg Süd"]
[BlackTeam "SW Nürnberg Süd"]

1. d4 d5 2. Bf4 c5 3. c3 Nc6 4. Nf3 Qb6 5. Qb3 Qxb3 6. axb3 cxd4 7. cxd4 Bg4 8.
h3 Bxf3 9. exf3 Nxd4 10. Bd3 e6 11. O-O Bc5 12. Rc1 Bb4 13. Rc7 a5 14. Be5 Nxb3
15. Ra4 Nf6 16. Bb5+ Kf8 17. Na3 Ne8 18. Rxb7 Nc5 19. Nc2 Nxa4 20. Bxa4 Bd6 21.
Bc3 Rb8 22. Ra7 Bb4 23. Nxb4 axb4 24. Bxb4+ Rxb4 25. Bxe8 Kxe8 26. Ra8+ Ke7 27.
Rxh8 h6 28. f4 Rxb2 29. Rc8 h5 30. g4 hxg4 31. hxg4 Rb4 32. Rc7+ Kf6 33. g5+
Kg6 34. f5+ exf5 35. Rd7 0-1

[Event "KEM Mitte 2017"]
[Site "?"]
[Date "2017.01.05"]
[Round "1.18"]
[White "Rummel, Gerald"]
[Black "Possart, Dennis"]
[Result "1/2-1/2"]
[WhiteElo "1772"]
[BlackElo "1252"]
[PlyCount "81"]
[EventDate "2017.??.??"]
[WhiteTeam "SC Anderssen"]
[BlackTeam "SC Noris-Tarrasch Nürnberg"]

1. Nf3 Nf6 2. c4 c6 3. g3 g6 4. Bg2 Bg7 5. O-O O-O 6. Nc3 d5 7. cxd5 Nxd5 8. e4
Nxc3 9. bxc3 Be6 10. d4 Qa5 11. Qc2 b5 12. a4 Bc4 13. Re1 Qc7 14. Bf4 Qc8 15.
axb5 cxb5 16. Nd2 a6 17. Nxc4 Qxc4 18. Bf1 Qc8 19. e5 Nc6 20. Qb3 e6 21. Bg2
Ra7 22. d5 exd5 23. Bxd5 Ne7 24. Bg2 Qe6 25. Qxe6 fxe6 26. Be3 Rc7 27. Rxa6
Bxe5 28. Rc1 Kf7 29. Bd2 Rd8 30. Be1 Rd3 31. Bf1 Rd5 32. Rb6 Rcc5 33. Kg2 Kf6
34. Rb7 h5 35. Be2 Nf5 36. h3 Ne7 37. g4 hxg4 38. hxg4 g5 39. Bf3 Rd3 40. Be4
Rd6 41. f3 1/2-1/2

[Event "KEM Mitte 2017"]
[Site "?"]
[Date "2017.01.05"]
[Round "1.19"]
[White "Hamazaspyan, Seryozka"]
[Black "Berntgen, Henri"]
[Result "0-1"]
[WhiteElo "1237"]
[BlackElo "1537"]
[PlyCount "96"]
[EventDate "2017.??.??"]
[WhiteTeam "SC Noris-Tarrasch Nürnberg"]
[BlackTeam "SW Nürnberg Süd"]

1. e4 Nf6 2. e5 Nd5 3. c4 Nb6 4. Nc3 Nc6 5. c5 Nxe5 6. cxb6 axb6 7. d4 Ng6 8.
Bd3 d5 9. Bxg6 hxg6 10. Nf3 Bg4 11. h3 e6 12. O-O Bxf3 13. Qxf3 c6 14. a3 Bd6
15. Bf4 Bxf4 16. Qxf4 Rh4 17. Qe5 Rh7 18. Rfe1 Kd7 19. Ne2 Qf6 20. Qxf6 gxf6
21. b4 e5 22. f4 exd4 23. Nxd4 c5 24. Nc2 Rh4 25. Rf1 Kc6 26. Kh2 Re8 27. Rae1
Rxe1 28. Nxe1 d4 29. Nf3 Rxf4 30. Nxd4+ Rxd4 31. Rxf6+ Rd6 32. Rxf7 c4 33. a4
c3 34. Rf1 c2 35. Rc1 Rd2 36. Kg1 Rd1+ 37. Rxd1 cxd1=Q+ 38. Kh2 Qxa4 39. g4
Qxb4 40. Kg3 g5 41. Kf2 Kd5 42. Ke3 Qd4+ 43. Kf3 Qe4+ 44. Kg3 Qf4+ 45. Kg2 Ke4
46. Kg1 Qd2 47. Kf1 Kf3 48. Kg1 Qg2# 0-1

[Event "KEM Mitte 2017"]
[Site "?"]
[Date "2017.01.05"]
[Round "1.21"]
[White "Diebel, Günter"]
[Black "Majid, Hakim"]
[Result "1-0"]
[WhiteElo "1874"]
[BlackElo "1228"]
[PlyCount "113"]
[EventDate "2017.??.??"]
[WhiteTeam "SW Nürnberg Süd"]
[BlackTeam "SW Nürnberg Süd"]

1. e4 e5 2. Nf3 Nc6 3. Bc4 h6 4. Nc3 Nf6 5. d4 d6 6. d5 Ne7 7. h3 Bd7 8. Be3
Ng6 9. Qd2 Be7 10. g4 Nh7 11. O-O-O Nh4 12. Nxh4 Bxh4 13. f4 exf4 14. Bxf4 Bg5
15. Rdf1 O-O 16. Bd3 Bxf4 17. Qxf4 Qe7 18. h4 Qe5 19. Rhg1 Rae8 20. g5 h5 21.
Be2 g6 22. Qxe5 Rxe5 23. Rf4 a6 24. Rgf1 Re7 25. Bd3 Rfe8 26. b4 Nf8 27. a4 c6
28. Kb2 Kg7 29. Rf6 cxd5 30. Nxd5 Bxa4 31. Nxe7 Rxe7 32. Rxd6 Bc6 33. Rdf6 Nd7
34. R6f4 Nb6 35. Kb3 Nd7 36. Bc4 Ne5 37. Bd5 Bxd5+ 38. exd5 Rd7 39. c4 b5 40.
cxb5 axb5 41. Rd4 Ng4 42. Rf3 Ne5 43. Rf6 Ng4 44. Rb6 Ne3 45. Rxb5 Nf5 46. Rf4
Ne3 47. Ka4 Nxd5 48. Rxd5 Rxd5 49. b5 Rd8 50. b6 Rb8 51. Kb5 Kf8 52. Kc6 Ke7
53. Kc7 Ra8 54. b7 Ra1 55. Kb6 Rb1+ 56. Kc7 Rc1+ 57. Kb8 1-0

[Event "KEM Mitte 2017"]
[Site "?"]
[Date "2017.01.05"]
[Round "1.22"]
[White "Hauck, Martin"]
[Black "Babichev, Vyacheslav"]
[Result "0-1"]
[WhiteElo "1488"]
[BlackElo "1863"]
[PlyCount "64"]
[EventDate "2017.??.??"]
[WhiteTeam "SC Noris-Tarrasch Nürnberg"]
[BlackTeam "SW Nürnberg Süd"]

1. e4 g6 2. Nf3 d6 3. h3 Nf6 4. Nc3 Bg7 5. Be2 O-O 6. d3 Nc6 7. Be3 a6 8. Qd2
e5 9. Bh6 Ne7 10. Bxg7 Kxg7 11. O-O-O b5 12. b3 c5 13. Nd5 Nexd5 14. exd5 Nxd5
15. Qg5 Qa5 16. Qd2 Qxa2 17. c4 Qa3+ 18. Qb2 Qxb2+ 19. Kxb2 Nf4 20. Bf1 Bb7 21.
Nh4 Kf6 22. Rg1 g5 23. Nf3 Bxf3 24. gxf3 h6 25. cxb5 axb5 26. d4 exd4 27. Bxb5
Rfb8 28. Bc6 Ra6 29. Be4 Rab6 30. Ka2 Rxb3 31. Rb1 c4 32. Bc2 Ra8# 0-1

[Event "KEM Mitte 2017"]
[Site "?"]
[Date "2017.01.05"]
[Round "1.23"]
[White "Leuschner, Günter"]
[Black "Huber, Dominik"]
[Result "*"]
[WhiteElo "1923"]
[BlackElo "1156"]
[PlyCount "83"]
[EventDate "2017.??.??"]
[WhiteTeam "SW Nürnberg Süd"]
[BlackTeam "SC Noris-Tarrasch Nürnberg"]

1. e4 c6 2. Nf3 d5 3. e5 Bf5 4. d4 e6 5. c3 h6 6. Be2 Ne7 7. Be3 Nd7 8. O-O Bh7
9. b4 a5 10. Nbd2 axb4 11. cxb4 Nf5 12. a3 Be7 13. Bf4 O-O 14. Nb3 f6 15. Qd2
fxe5 16. Nxe5 Nxe5 17. Bxe5 Bf6 18. Nc5 Bxe5 19. dxe5 Qe7 20. Rfc1 b6 21. Nb3
Qc7 22. Qc3 Rfc8 23. Bb5 Ne7 24. f4 Ra7 25. Qe3 Bg6 26. Nd4 Qd7 27. Be2 Nf5 28.
Nxf5 Bxf5 29. Qxb6 d4 30. Bf3 Rb7 31. Bxc6 Rxc6 32. Qxc6 d3 33. Qxd7 Rxd7 34.
Rc6 Kf7 35. Rd1 Rd4 36. g3 Be4 37. Rd6 Bd5 38. Kf2 Ke7 39. Ke3 Re4+ 40. Kxd3 g5
41. Rf1 Bc4+ 42. Kxe4 *

[Event "KEM Mitte 2017"]
[Site "?"]
[Date "2017.01.05"]
[Round "1.24"]
[White "Albayrak, Nese Pinar"]
[Black "Pörzgen, Michael"]
[Result "0-1"]
[WhiteElo "1095"]
[BlackElo "1658"]
[PlyCount "70"]
[EventDate "2017.??.??"]
[WhiteTeam "Zabo-Eintracht Nürnberg"]
[BlackTeam "SW Nürnberg Süd"]

1. e4 d5 2. exd5 Nf6 3. Nc3 Nxd5 4. Nxd5 Qxd5 5. Nf3 Bg4 6. Be2 Nc6 7. h3 Bh5
8. d4 O-O-O 9. c3 e5 10. O-O exd4 11. cxd4 Bxf3 12. Bxf3 Qxd4 13. Qxd4 Nxd4 14.
Bg4+ f5 15. Bd1 h6 16. Be3 Bb4 17. a3 Be7 18. Ba4 Bf6 19. Rfd1 f4 20. Bd2 b5
21. Bxb5 Nxb5 22. Bxf4 Rhf8 23. Bg3 Rxd1+ 24. Rxd1 Rd8 25. Rc1 Bxb2 26. Rb1 Rd2
27. Bf4 Rc2 28. Kf1 Nxa3 29. Re1 Nb5 30. Rb1 a6 31. Re1 Kb7 32. Re7 Bd4 33. Bg3
Rc1+ 34. Ke2 Bc3 35. f3 Rg1 0-1

[Event "KEM Mitte 2017"]
[Site "?"]
[Date "2017.01.05"]
[Round "1.25"]
[White "Mantel, Hubert"]
[Black "Sargsyan, Arusyak"]
[Result "1-0"]
[WhiteElo "1761"]
[BlackElo "930"]
[PlyCount "73"]
[EventDate "2017.??.??"]
[WhiteTeam "Zabo-Eintracht Nürnberg"]
[BlackTeam "SW Nürnberg Süd"]

1. e4 e5 2. Bc4 Nf6 3. Nc3 Bc5 4. d3 d6 5. Be3 Bxe3 6. fxe3 Bg4 7. Nf3 Nc6 8.
a3 Qd7 9. O-O O-O 10. Qe1 Bxf3 11. Rxf3 Na5 12. Ba2 Qg4 13. Rg3 Qh5 14. Nd5
Nxd5 15. Qxa5 Nb6 16. Rf1 g6 17. Rgf3 d5 18. exd5 Kg7 19. Qd2 f6 20. e4 Qg5 21.
Qf2 Nd7 22. d6 cxd6 23. Be6 Rad8 24. h4 Qh5 25. g4 Qh6 26. Bxd7 f5 27. Be6 Rf6
28. g5 Qh5 29. gxf6+ Kf8 30. exf5 Qg4+ 31. Rg3 Qh5 32. fxg6 hxg6 33. Rg5 Qh6
34. Qg3 Re8 35. Rxg6 Qh7 36. Rg8+ Qxg8 37. Qxg8# 1-0

[Event "KEM Mitte 2017"]
[Site "?"]
[Date "2017.01.05"]
[Round "1.26"]
[White "Hummady, Pascha"]
[Black "Hahn, Thomas"]
[Result "0-1"]
[WhiteElo "786"]
[BlackElo "1647"]
[PlyCount "88"]
[EventDate "2017.??.??"]
[WhiteTeam "SC Noris-Tarrasch Nürnberg"]
[BlackTeam "Zabo-Eintracht Nürnberg"]

1. e4 c5 2. Nf3 d6 3. d4 cxd4 4. Nxd4 Nf6 5. Nc3 g6 6. Bd3 Bg7 7. O-O O-O 8. h3
Nc6 9. Nxc6 bxc6 10. Bg5 Qa5 11. Bd2 Qb6 12. Rb1 Be6 13. b3 Nd7 14. Na4 Qc7 15.
Qf3 Ne5 16. Qe2 Nxd3 17. cxd3 d5 18. Bc3 f6 19. Rfe1 Bf7 20. exd5 Bxd5 21. Qxe7
Qxe7 22. Rxe7 Rfe8 23. Rbe1 Bf7 24. g4 Kf8 25. Rc7 Rxe1+ 26. Bxe1 Bd5 27. Nc5
f5 28. Bb4 Kg8 29. Na4 fxg4 30. hxg4 Be5 31. Bc3 Bxc7 32. Nc5 Bb6 33. Nd7 h6
34. Nf6+ Kf7 35. Nxd5 cxd5 36. Kg2 Rc8 37. Bb2 Rc2 38. Ba1 Rxf2+ 39. Kg3 Rxa2
40. Bc3 Ra3 41. Be5 Rxb3 42. Kf4 Rxd3 43. g5 Be3+ 44. Kg4 Bxg5 0-1

[Event "KEM Mitte 2017"]
[Site "?"]
[Date "2017.01.05"]
[Round "1.29"]
[White "Dyroff, Roland"]
[Black "Nerreter, Bernd"]
[Result "1-0"]
[WhiteElo "1806"]
[BlackElo "1447"]
[PlyCount "91"]
[EventDate "2017.??.??"]
[WhiteTeam "SW Nürnberg Süd"]
[BlackTeam "SC Noris-Tarrasch Nürnberg"]

1. e4 d6 2. d4 Nf6 3. Nc3 c6 4. Nf3 Bg4 5. a3 e6 6. Bd3 Nbd7 7. Ne2 Be7 8. Ng3
Nh5 9. c3 Qb6 10. Qc2 Qd8 11. Be3 Nxg3 12. hxg3 Bxf3 13. gxf3 Qc7 14. f4 O-O-O
15. d5 c5 16. dxe6 fxe6 17. e5 dxe5 18. Rxh7 Rxh7 19. Bxh7 exf4 20. Bxf4 e5 21.
Bd2 Kb8 22. O-O-O Rh8 23. Bg6 Nf8 24. Bf5 Nd7 25. f4 Bf6 26. Qe4 Re8 27. Be3
Re7 28. Rxd7 Rxd7 29. Bxd7 Qxd7 30. fxe5 Qe7 31. Bf4 Bg5 32. Qf5 Bxf4+ 33. gxf4
a6 34. e6 Kc8 35. Kc2 Kd8 36. Qd5+ Kc8 37. Qf5 Kd8 38. Qd5+ Kc8 39. f5 Kb8 40.
Kd3 b6 41. Qc6 Qd8+ 42. Kc4 Qh4+ 43. Kd5 Qd8+ 44. Qd6+ Kc8 45. Qxd8+ Kxd8 46.
Kc6 1-0

[Event "KEM Mitte 2017"]
[Site "?"]
[Date "2017.01.06"]
[Round "2.1"]
[White "Thürauf, Peter"]
[Black "Bildt, Maximilian"]
[Result "1-0"]
[WhiteElo "1842"]
[BlackElo "2045"]
[PlyCount "80"]
[EventDate "2017.??.??"]
[WhiteTeam "SW Nürnberg Süd"]
[BlackTeam "SK Zirndorf"]

1. Nf3 Nf6 2. d4 c5 3. d5 b5 4. Bg5 Qa5+ 5. Bd2 Qb6 6. Bg5 Ne4 7. Bf4 d6 8. e3
f5 9. Be2 g6 10. O-O Bg7 11. Nbd2 Nf6 12. c4 b4 13. Ng5 h6 14. Ne6 Bxe6 15.
dxe6 Nc6 16. Bf3 Rc8 17. e4 g5 18. Bh5+ Kd8 19. e5 Nxh5 20. Qxh5 dxe5 21. Qf7
Bf6 22. Rad1 Nd4 23. Be3 Qxe6 24. Qh5 Kc7 25. Bxd4 exd4 26. Rfe1 Qd6 27. Qf3
Qd7 28. a3 bxa3 29. Qxa3 Kd8 30. Ra1 Ke8 31. Nb3 Qc6 32. Na5 Qd7 33. Nb3 Qc6
34. Na5 Qb6 35. Qf3 f4 36. Qd5 Rd8 37. Qe4 Kf7 38. Nc6 Rd7 39. Qe6+ Ke8 40.
Qxf6 Rg8 1-0